| 000 | 00714nas a2200241 4500 | ||
|---|---|---|---|
| 001 | BR0705287 | ||
| 003 | BR-BrBNA | ||
| 005 | 20231205111156.0 | ||
| 007 | ta | ||
| 008 | 230509b bl.|||p| |||| 00| 00por d | ||
| 040 |
_aBR-BrBNA _bpor _cBiblioteca Nacional de Agricultura |
||
| 041 | _a(Pt) | ||
| 072 | _aH60 | ||
| 100 | 1 | _aVidal, R.A. | |
| 100 | 1 | _aTrezzi, M.M. | |
| 245 | 1 | _aCresce a resistência das plantas daninhas a herbicidas | |
| 650 | _aERVA DANINHA | ||
| 650 | _aRESISTÊNCIA A PRODUTO QUÍMICO | ||
| 650 | _aHERBICIDA | ||
| 773 | 0 |
_tVisão Agrícola (Brazil) _xISSN 1806-6402 _g(Jan-Jun 2006), v. 3(5) p. 112-114 _wBR0705287 |
|
| 909 |
_a202311 _bLúcia _c55 _dLúcia Elande |
||
| 942 |
_2AGRIS _n0 _cANA |
||
| 999 |
_c191132 _d191132 |
||